000 00357nam a2200145Ia 4500
008 210210b1999 xxu||||| |||| 00| 0 eng d
082 _a032.02 SACC
100 _aSACHDEVA
245 _aCompetition success review year book 1999.
260 _a
_bNot Mentioned
_c1999
300 _a804
650 _aCSR
690 _aGeneral Knowledge
906 _a054309
999 _c102277
_d102277